000 00963nam a2200241 a 4500
001 45328
003 BD-RjUL
005 20211209054010.0
008 160725s1957 bg |||| ||| 000 0 ben d
020 _c: Tk 4.00
035 _a(BD-RjUL)45446
040 _aBD-RjUL
_bben
_cBD-RjUL
041 _aben
082 _223
_a891.4414092
_bKOS 1957
100 1 0 _aকর, শ্রীসুধীরচন্দ্র
_9138825
245 1 0 _aশান্তিনিকেতনের শিক্ষা ও সাধনা /
_cশ্রীসুধীরচন্দ্র কর
250 _a২য় সং.
260 _aকলিকাতা :
_bওরিণ্টে বুক কোম্পানি,
_c১৯৫৭ [১৩৬৪]
300 _a[৮] ২৫০ পৃ. ;
_c১৮ সেমি.
650 _aঠাকুর, রবীন্দ্রনাথ
_vজীবনী
_9138826
650 _aTagore, Rabindranath
_vBiography
_9138827
942 _2ddc
_cBK
999 _c45328
_d45328